|
|
|
|
| LEADER |
01337nam a22002777a 4500 |
| 001 |
40996 |
| 003 |
BD-DhAAL |
| 008 |
230321t2004 bg ||||| |||| 00| 0 ben d |
| 020 |
|
|
|a 9847762872
|
| 040 |
|
|
|a BD-DhAAL
|c BD-DhAAL
|
| 041 |
|
|
|a ben
|
| 082 |
|
|
|a 910.9
|
| 100 |
|
|
|a বতুতা, ইবনে,
|d ১৩০৪-১৩৭৭.
|9 53898
|
| 245 |
|
|
|a ট্রাভেলস অব ইবনে বতুতা /
|c আরবী থেকে ইংরেজি অনুবাদক এইচ. এ. আর. গিব ; অনুবাদক ইফতেখার আমিন.
|
| 246 |
|
|
|a Travels of Ibn Batuta
|
| 260 |
|
|
|a ঢাকা :
|b ঐতিহ্য,
|c ২০১৪.
|
| 300 |
|
|
|a ২৮৬ পৃষ্ঠা ;
|c ২২ সে.মি.
|
| 541 |
|
|
|a Donated By Akbar Ali Khan
|e 40996
|
| 650 |
|
|
|a Travelers
|z Islamic Empire
|v Biography.
|9 53899
|
| 651 |
|
|
|a Islamic Empire
|x Description and travel
|v Early works to 1800.
|9 53901
|
| 700 |
|
|
|a গিব, এইচ. এ. আর.
|9 53902
|
| 700 |
|
|
|a আমিন, ইফতেখার
|9 53900
|
| 852 |
|
|
|a Ayesha Abed Library
|c Akbar Ali Khan Collection
|
| 942 |
|
|
|2 ddc
|c BK
|
| 999 |
|
|
|c 45610
|d 45610
|
| 952 |
|
|
|0 0
|1 0
|2 ddc
|4 0
|6 910_900000000000000_BAT
|7 1
|9 73437
|a BRACUL
|b BRACUL
|c AAKC
|d 2023-03-21
|e Donated By Akbar Ali Khan
|g 250.00
|l 0
|o 910.9 BAT
|p 3010040996
|r 2023-03-21
|t 1
|w 2023-03-21
|y BK
|